| 000 -LEADER |
| fixed length control field |
00552nam a22001095a 4500 |
| 040 ## - CATALOGING SOURCE |
| Transcribing agency |
DLC |
| 082 ## - DEWEY DECIMAL CLASSIFICATION NUMBER |
| Classification number |
630 INS 1980 A054 Or. |
| 245 12 - TITLE STATEMENT |
| Title |
A summary of the recommendations made at the Conference on the Communication Responsibilities of the International Agricultural Research Centers : |
| Remainder of title |
jointly sponsored and published by the Agricultural Development Council, Inc. and the International Rice Research Institute. |
| 260 ## - PUBLICATION, DISTRIBUTION, ETC. (IMPRINT) |
| Place of publication |
Los Baños, Laguna, Philippines : |
| Name of publisher |
The Institute, |
| Year of publication |
1980. |
| 300 ## - PHYSICAL DESCRIPTION |
| Number of Pages |
vii, 35, [6] p. of plates : ill. ; 26 cm. |
| 942 ## - ADDED ENTRY ELEMENTS (KOHA) |
| Koha item type |
សៀវភៅភាសាអង់គ្លេស |
| 952 ## - LOCATION AND ITEM INFORMATION (KOHA) |
| Withdrawn status [LOCAL, KOHA] |
0 |